000 00432nam a2200169Ia 4500
008 240729s9999 xx 000 0 und d
022 _a2667-0747
245 0 _aBiophysical Reports
260 _aUnited States
260 _bElsevier
650 _a Biology (General)
650 _a Physics | Science
650 _aScience
856 _uhttps://doaj.org/toc/2973d89dc98b4435a299aacfc0f0c54f
942 _2ddc
942 _cDOAJEJ
999 _c73564
_d73564
945 _a1
_bMadushi Gamage
_c1
_dMadushi Gamage